| 000 | 01325 a2200229 4500 | ||
|---|---|---|---|
| 001 | 50185 | ||
| 005 | 20260407155802.0 | ||
| 008 | 260407a1953 arg spa d | ||
| 003 | AR-UNSa-BCEJYS | ||
| 040 |
_aAR-UNSa-BCEJYS _bspa _cAR-UNSa-BCEJYS |
||
| 080 |
_a339.9 _xEconomía internacional en general. Relaciones económicas internacionales. Economía mundial |
||
| 245 | 1 | 0 | _aEconomìa mundial |
| 250 | _a2a. ed. | ||
| 264 | 1 |
_aBarcelona : _bLabor _c1953 |
|
| 300 |
_a407 p. _c23 cm. |
||
| 505 | _a1. La economía mundial, como economía de superación del espacio - 2. La población y sus necesidades - 3. Los dones de la naturaleza - 4. La economía nacional sabe sacar mucho partido de cosas pequeñas - 5. La lucha por los principios ordenadores en la economía nacional y universal - 6. La misión de la técnica en la economía nacional y en la mundial - 7. Métodos del comercio internacional de mercancías - 8. Sentido y contrasentido de las colonias - 9. Compensación internacional entre el Debe y el Haber - 10. Cómo la política internacional trabajó por la recuperación - 11. La comunidad de trabajo europea - 12. Necesidad y futuro de la economía mundial. | ||
| 041 | _aspa | ||
| 942 | _cBK | ||
| 590 | _aniveau_biblio:m niveau_hierar:0 | ||
| 100 | 1 | _aWeber, Adolf | |
| 700 | 1 | _aPayarols, Francisco | |
| 999 |
_c4980 _d4980 |
||